Dédi novemberi meséi

Bibliographic Details
Format: Article
Language:Hungarian
PhysicalDescription:Obr.
Subjects:

MARC

LEADER 00000nab a2200000 ar4500
001 vtls009003586
003 SK-MaSNL
005 20260303065557.0
008 070504c2006 xo |||||||| 000 b|hun
015 |a SNBRB2007/05  |2 snkbucl 
038 |a SNKBUCL 
040 |a DSZK  |b slo  |c DSZK  |e AACR2 
041 0 |a hun 
044 |a xo  |c SK 
080 |a 821.511.141 (437.6)-93=511.141  |2 1997 
080 |a 821.511.141 (437.6)-32(0.053.2)=511.141  |2 1997 
245 0 0 |a Dédi novemberi meséi  |c [szerző] -tü- 
300 |b Obr. 
650 0 7 |a príbehové prózy, maďarské  |2 snkbucl  |9 72843 
773 0 |t Tücsök  |g Évf. 17, sz. 3 (2006), o. 5 
852 |a SNK  |b KIS3GCP 
852 |a DSZK  |b KIS3GCP 
958 |a HU 
958 |a LX 
958 |a DB 
958 |a SK 
999 |c 1751775  |d 1753705